[Event "6th Sinquefield Cup GCT 2018"]
[Site "Saint Louis"]
[Date "2018.08.22"]
[Round "5"]
[White "Vachier-Lagrave, Maxime"]
[Black "Caruana, Fabiano"]
[Result "1/2-1/2"]
[WhiteElo "2779"]
[BlackElo "2822"]
[Annotator "TA"]
[PlyCount "79"]
[EventDate "2018.08.18"]
[EventType "tourn"]
[EventCountry "USA"]
[SourceTitle "playchess.com"]
[Source "ChessBase"]
[SourceQuality "1"]

{[%evp 25,79,29,31,25,32,32,30,30,30,30,29,28,14,6,6,6,16,8,8,8,18,0,0,0,0,0,0,0,0,0,0,0,0,0,0,0,0,0,0,0,0,0,0,0,0,0,0,0,0,0,0,0,0,0,0,0]} 1. e4 e5 2. Nf3 Nf6 3. Nxe5 d6 4. Nf3 Nxe4 5. Nc3 Nxc3 6. dxc3 Be7 7. Be3 Nc6 8. Qd2 Be6 9. O-O-O {C42: Petroff Defence: 3 Nxe5 and unusual White 3rd moves} Qd7 10. Kb1 Bf6 11. h4 O-O-O 12. Nd4 (12. Ng5 Bf5 13. Qd5 h6 14. Ne4 Be5 15. Bd3 Be6 16. Qb5 f5 {0-1 (60) Aronian,L (2767)-Caruana,F (2822) Saint Louis 2018}) 12... Nxd4 13. Bxd4 Be5 {LiveBook: 5 Games} 14. Be2 Qa4 15. b3 Qa5 $1 16. f4 $146 ({Predecessor:} 16. Bxe5 Qxe5 17. f4 Qc5 18. Bf3 h5 19. Kb2 g6 20. Rhe1 Qf5 21. Qd4 {½-½ (21) Walter,G (2452)-Korabliov,A (2458) ICCF email 2016}) 16... Bxd4 17. Qxd4 g6 18. h5 Qc5 19. Qd2 {The position is equal.} Rhe8 20. Bf3 Bf5 21. hxg6 hxg6 22. Rh7 Re7 23. g4 Bd7 24. Re1 Rxe1+ 25. Qxe1 Re8 26. Qd2 $1 Qe3 27. Qxe3 Rxe3 $11 {[%mdl 4096] Endgame KRB-KRB} 28. Rh8+ ({Much weaker is} 28. Rxf7 c6 $17) 28... Re8 29. Rxe8+ Bxe8 {KB-KB} 30. Kc1 b6 31. g5 Kd8 32. Kd2 Bd7 33. Be4 Ke7 34. Ke3 Be6 35. c4 c5 36. Kf3 Bd7 37. Ke3 Be6 38. Kf3 Bd7 39. Ke3 Be6 40. Kf3 {Precision: White = 76%, Black = 85%.} 1/2-1/2

[Event "6th Sinquefield Cup GCT 2018"]
[Site "Saint Louis"]
[Date "2018.08.22"]
[Round "5"]
[White "Nakamura, Hikaru"]
[Black "Mamedyarov, Shakhriyar"]
[Result "1/2-1/2"]
[WhiteElo "2777"]
[BlackElo "2801"]
[Annotator "TA"]
[PlyCount "103"]
[EventDate "2018.08.18"]
[EventType "tourn"]
[EventCountry "USA"]
[SourceTitle "playchess.com"]
[Source "ChessBase"]
[SourceQuality "1"]

{[%evp 18,103,18,0,0,0,0,0,0,0,0,0,0,0,2,0,0,0,0,-18,-10,-23,-13,-20,0,0,14,0,17,0,0,0,29,-8,-10,-11,0,0,0,0,0,-10,62,54,49,48,67,0,31,0,65,51,71,67,70,60,156,136,112,95,102,0,0,0,0,0,0,0,0,0,0,0,0,0,0,0,0,0,0,0,0,0,0,0,0,0,0,0]} 1. d4 d5 2. c4 e6 3. Nf3 c5 4. cxd5 exd5 5. g3 Nc6 6. Bg2 Nf6 7. O-O Be7 8. Nc3 O-O 9. h3 Ne4 10. dxc5 {LiveBook: 3 Games. D34: Tarrasch Defence: 6 g3 Nf6 7 Bg2 Be7} Bxc5 (10... Nxc3 11. bxc3 Bxc5 12. Nd4 Bxd4 13. cxd4 Bf5 14. Be3 {½-½ (14) Ilic,D (2376)-Brenjo,S (2522) Kragujevac 2012}) 11. Bf4 $146 ({Predecessor:} 11. e3 Nxc3 12. bxc3 Bf5 13. Nd4 Be4 14. f3 Bg6 15. f4 Be4 16. Bxe4 dxe4 17. Qh5 Nxd4 18. cxd4 Bxd4 {0-1 (29) Bellahcene,B (2286)-Dastan,B (2247) Albena 2011}) 11... Nxc3 12. bxc3 Bf5 13. Nd2 Re8 14. g4 Bg6 15. e3 Bb6 16. Qb3 Re7 17. Rfd1 ({But not} 17. Qxd5 $2 Rd7 $19) 17... Rd7 18. a4 Rc8 19. Rac1 h6 20. Qa2 Bc7 21. Nb3 {With the idea Nc5.} b6 22. Qd2 f5 23. c4 Bxf4 24. exf4 {[%cal Rc4d5]} d4 25. Bd5+ Bf7 26. Qe2 fxg4 27. hxg4 Qf6 28. Qf3 Rdd8 29. Nd2 Rf8 ({Black should play} 29... Nb4 $11 30. Ne4 Qe7 31. Bxf7+ Qxf7) 30. Ne4 $14 Qe7 {Black wants to play ...Bxd5.} 31. Ng3 $36 {[%mdl 2048] [#] Black must now prevent Nf5. White is pushing.} Qf6 32. Ne4 Qe7 33. Ng3 (33. Bxc6 $5 Rxc6 34. Rxd4 $14) 33... Qf6 $1 34. Nf5 {Strongly threatening Bxc6.} Kh8 35. Bxf7 Rxf7 36. c5 {[#] aiming for Nd6.} Rcc7 (36... Rff8 $1 $14) 37. cxb6 $16 axb6 38. Re1 Rf8 39. Qe4 ({Better is} 39. Kg2 $16) 39... g6 $1 $11 {[%cal Rg6f5] The position is equal.} 40. Nxd4 Qxd4 41. Qxd4+ Nxd4 42. Rxc7 {[%mdl 4096] Endgame KRR-KRN} Nf3+ 43. Kf1 Nxe1 44. Kxe1 Rxf4 {KR-KR} 45. Rc6 Kg7 46. Rxb6 Rxa4 47. f3 g5 48. Rb7+ $1 Kg6 49. Rb6+ Kg7 50. Rb7+ Kg6 51. Rb6+ Kg7 52. Rb7+ {Precision: White = 65%, Black = 61%.} 1/2-1/2

[Event "6th Sinquefield Cup GCT 2018"]
[Site "Saint Louis"]
[Date "2018.08.22"]
[Round "5"]
[White "Karjakin, Sergey"]
[Black "Grischuk, Alexander"]
[Result "1/2-1/2"]
[WhiteElo "2773"]
[BlackElo "2766"]
[Annotator "TA"]
[PlyCount "79"]
[EventDate "2018.08.18"]
[EventType "tourn"]
[EventCountry "USA"]
[SourceTitle "playchess.com"]
[Source "ChessBase"]
[SourceQuality "1"]

{[%evp 26,79,12,10,10,14,20,0,29,0,0,0,0,0,0,0,0,0,22,0,0,-11,-4,-5,-10,-31,-14,-23,0,0,0,0,0,0,0,-2,0,-11,-6,-10,18,0,1,1,1,1,1,1,1,1,1,0,1,0,1,0]} 1. e4 {Marin,M} e5 2. Nf3 Nc6 3. Bb5 Nf6 4. O-O Nxe4 5. d4 Nd6 {[%cal Be4d6,Bd6f5,Bf5e7,Be7g6][%mdl 32]} 6. Bxc6 dxc6 7. dxe5 Nf5 8. Qxd8+ Kxd8 9. h3 h6 10. Rd1+ Ke8 11. Nc3 {[%cal Bb1c3,Bc3e2,Be2d4][%mdl 32]} Ne7 12. Bf4 {C67: Ruy Lopez: Berlin Defence: 4 0-0 Nxe4} Ng6 13. Bh2 Be7 14. Nd4 {LiveBook: 3 Games} Nf8 {[#]} 15. a4 $146 ({Predecessor:} 15. Rd3 h5 16. Re1 Ne6 17. Nce2 c5 18. Nf5 h4 19. c4 b6 {½-½ (40) Caruana,F (2803)-Dominguez Perez,L (2734) Khanty-Mansiysk 2015 CBM 167 [Marin,M]}) 15... a5 16. Nce2 h5 17. e6 Nxe6 18. Nxe6 Bxe6 19. Bxc7 Bd8 20. Bd6 f6 21. Nd4 Bc8 22. h4 Kf7 23. f3 g5 24. Bg3 Bb6 25. Bf2 (25. Rd2 {seems wilder.} g4 26. Kh2 Re8 27. Bf2 Bc5 28. Rf1) 25... Re8 26. Rd2 Bxd4 27. Rxd4 {The position is equal.} Bf5 28. Rd2 Rad8 29. Rad1 Rxd2 30. Rxd2 $11 {[%mdl 4096] Endgame KRB-KRB} Re5 31. Kf1 Rd5 32. Ke2 Ke6 33. b3 gxh4 34. Bxh4 c5 35. Bg3 Rxd2+ 36. Kxd2 Kd7 37. Bh4 Ke6 38. Bg3 Kd7 $1 39. Bh4 Ke6 40. Bg3 {Precision: White = 48%, Black = 68%.} 1/2-1/2

[Event "6th Sinquefield Cup GCT 2018"]
[Site "Saint Louis"]
[Date "2018.08.22"]
[Round "5"]
[White "Aronian, Levon"]
[Black "Anand, Viswanathan"]
[Result "1/2-1/2"]
[WhiteElo "2767"]
[BlackElo "2768"]
[Annotator "TA"]
[PlyCount "71"]
[EventDate "2018.08.18"]
[EventType "tourn"]
[EventCountry "USA"]
[SourceTitle "playchess.com"]
[Source "ChessBase"]
[SourceQuality "1"]

{[%evp 30,71,23,16,16,13,19,22,31,22,37,0,0,0,0,0,3,0,0,-28,-11,-11,-11,-11,-11,-11,-11,-11,-11,-14,-14,-14,-14,-14,-14,-14,-14,-14,-14,-14,0,-14,0,-14]} 1. d4 Nf6 2. c4 e6 3. Nf3 d5 4. Nc3 Be7 5. Bf4 O-O 6. e3 c5 7. dxc5 Bxc5 8. cxd5 Nxd5 9. Nxd5 exd5 10. a3 Nc6 {[%cal Bb8c6,Bc6a5,Ba5b3][%mdl 32]} 11. Bd3 Bb6 12. O-O Bg4 13. h3 Bh5 14. b4 d4 {D37: Queen's Gambit Declined: 5 Bf4} (14... a6 15. Rb1 d4 16. b5 axb5 17. Rxb5 Bxf3 18. Qb1 Bc7 19. Bxh7+ Kh8 20. gxf3 Bxf4 21. exf4 Ne7 22. Rh5 Ra5 23. Bf5+ Kg8 24. Bh7+ Kh8 25. Bf5+ Kg8 26. Bh7+ {½-½ (26) Inarkiev,E (2727)-Nakamura,H (2786) Moscow 2017}) 15. b5 Na5 16. exd4 {[#] LiveBook: 5 Games} Qf6 $146 ({Predecessor:} 16... Qd5 17. Re1 Rfe8 18. Rxe8+ Rxe8 19. Rc1 Bxf3 20. Qxf3 Qxf3 21. gxf3 Nb3 22. Rc3 Nxd4 {1-0 (70) Huebner,R (2583)-Prusikin,M (2528) Switzerland 2016}) 17. Be3 Bxf3 18. Qxf3 ({Reject} 18. gxf3 Rad8 $15) 18... Qxf3 19. gxf3 Rfd8 20. Rfd1 Nb3 21. Rab1 Nxd4 22. Kg2 Ne6 23. Bf5 Bxe3 24. Bxe6 (24. Rxd8+ {feels hotter.} Rxd8 25. fxe3 Nc5 26. b6 axb6 27. Rxb6 g6 28. Bb1) 24... Rxd1 (24... Bd2 {is interesting.} 25. Bf5 b6 26. Rb3 g6 27. Rd3 Rxd3 28. Bxd3 Bf4) 25. Rxd1 $11 {[%mdl 4096] Endgame KRB-KRB. The position is equal.} Bb6 26. Bb3 Rd8 27. Rxd8+ Bxd8 {KB-KB} 28. f4 Kf8 29. f5 a6 30. b6 Bxb6 31. Bd5 Bc5 32. Bxb7 Bxa3 33. Bxa6 Bb2 34. Bf1 Ba3 35. Ba6 Bb2 36. Bf1 {Precision: White = 78%, Black = 69%.} 1/2-1/2

[Event "6th Sinquefield Cup GCT 2018"]
[Site "Saint Louis"]
[Date "2018.08.24"]
[Round "6"]
[White "Caruana, Fabiano"]
[Black "Karjakin, Sergey"]
[Result "1-0"]
[WhiteElo "2822"]
[BlackElo "2773"]
[Annotator "TA"]
[PlyCount "59"]
[EventDate "2018.08.18"]
[EventType "tourn"]
[EventCountry "USA"]
[SourceTitle "playchess.com"]
[Source "ChessBase"]
[SourceQuality "1"]

{[%evp 16,59,7,18,30,43,39,37,31,22,66,61,64,45,45,49,60,49,57,37,38,38,39,36,45,31,39,20,78,66,76,74,118,114,115,108,116,110,102,106,948,582,582,582,582,582]} 1. d4 Nf6 2. c4 e6 3. Nc3 Bb4 4. g3 O-O 5. Bg2 d5 6. Nf3 dxc4 7. O-O Nc6 8. Qa4 {E20: Nimzo-Indian: 4 g3 and 4 f3} Bd7 9. Bg5 {LiveBook: 3 Games} (9. Qc2 Be7 10. e4 Nb4 11. Qe2 Nd3 12. Be3 b5 13. Ne1 Nxe1 14. Rfxe1 c6 15. Rad1 Rc8 {0-1 (41) So,W (2780)-Anand,V (2768) Saint Louis 2018}) 9... a5 10. Bxf6 $146 {White has an edge.} ({Predecessor:} 10. Rfd1 Nxd4 11. Rxd4 Bxc3 12. Rxd7 Qxd7 13. Qxd7 Nxd7 14. bxc3 f6 15. Be3 Rab8 16. Nd4 Kf7 17. Nb5 {1-0 (17) Lenderman,A (2600)-Gretarsson,H (2567) Reykjavik 2018}) 10... Qxf6 11. a3 Bxc3 12. bxc3 Qd8 13. Qxc4 a4 14. Nd2 Na5 15. Qb4 Ra7 16. Rab1 b6 17. e3 Bc6 18. Bxc6 Nxc6 19. Qb5 Qa8 20. c4 Rd8 21. Rfc1 e5 (21... h6 $11 {remains equal.}) 22. d5 $16 Nb8 23. c5 Ra5 {[#]} 24. Qb2 $1 Qxd5 25. cxb6 cxb6 26. Nc4 Rc5 27. Qxb6 f6 $2 {[%mdl 8192] [#]} (27... Rcc8 $16) 28. Rd1 {White is clearly winning.} Qxd1+ 29. Rxd1 Rxd1+ 30. Kg2 {Precision: White = 69%, Black = 54%.} 1-0

[Event "6th Sinquefield Cup GCT 2018"]
[Site "Saint Louis"]
[Date "2018.08.24"]
[Round "6"]
[White "Mamedyarov, Shakhriyar"]
[Black "Vachier-Lagrave, Maxime"]
[Result "1/2-1/2"]
[WhiteElo "2801"]
[BlackElo "2779"]
[Annotator "TA"]
[PlyCount "87"]
[EventDate "2018.08.18"]
[EventType "tourn"]
[EventCountry "USA"]
[SourceTitle "playchess.com"]
[Source "ChessBase"]
[SourceQuality "1"]

{[%evp 17,87,19,15,7,10,10,16,6,16,3,4,0,18,12,20,0,16,0,0,0,0,0,0,0,0,-10,-8,-16,-16,-25,-21,-22,-20,-36,-6,-10,0,-16,-13,-49,-54,-44,-44,-95,-32,-39,-39,-39,-5,-8,-7,-20,-4,-4,0,0,0,0,0,0,0,0,0,0,0,0,0,0,0,0,0,0]} 1. d4 Nf6 2. c4 g6 3. Nc3 d5 4. cxd5 Nxd5 5. e4 Nxc3 6. bxc3 Bg7 7. Qa4+ Qd7 {D85: Exchange Grünfeld: Unusual White 7th moves and lines with 7 Nf3} 8. Bb5 (8. Qb3 O-O 9. Nf3 c5 10. Be3 b6 11. Rd1 Qc7 12. Be2 Nd7 13. e5 e6 14. h4 Bb7 15. h5 {½-½ (55) Nakamura,H (2781)-Vachier Lagrave,M (2793) Caleta 2018}) 8... c6 9. Bd3 O-O {LiveBook: 6 Games} 10. Nf3 c5 11. Qxd7 Bxd7 12. Rb1 b6 13. Be3 {[#]} Rd8 $146 ({Predecessor:} 13... Nc6 14. O-O Bg4 15. dxc5 bxc5 16. Bxc5 Rac8 17. Ba6 Rc7 {1-0 (63) Mastrovasilis,A (2541)-Istratescu,A (2581) Achaea 2016}) 14. O-O Ba4 15. Rfc1 e6 16. h3 Nd7 17. Ba6 Bc6 18. Nd2 Nb8 19. Bb5 Bxb5 20. Rxb5 Na6 {[%cal Rc5d4]} 21. e5 Nc7 22. Rbb1 Nd5 23. Bg5 Rd7 24. Ne4 h6 $36 {[%mdl 2048] Black has some pressure.} 25. Bd2 cxd4 26. cxd4 Rad8 27. g4 g5 28. Rc4 Nf4 29. Bxf4 gxf4 30. Rbb4 (30. Nd6 $15) 30... f3 ({Black should play} 30... a5 $17 31. Rxb6 Rxd4 32. Rxd4 Rxd4 33. Nf6+ Bxf6 34. exf6 Kh7) 31. Nf6+ $15 Bxf6 $1 32. exf6 {[%mdl 4096] Endgame KRR-KRR} Kh7 (32... h5 $5) 33. Kh2 {The position is equal.} Kg6 34. Kg3 Rd6 35. Rc7 Rxd4 36. Rxd4 Rxd4 37. Rxa7 Kxf6 $11 {KR-KR} 38. Rb7 Ra4 39. Rxb6 Rxa2 40. Kxf3 Ra3+ 41. Kg2 Ra2 42. Kf3 Ra3+ 43. Kg2 Ra2 44. Kf3 {Precision: White = 53%, Black = 65%.} 1/2-1/2

[Event "6th Sinquefield Cup GCT 2018"]
[Site "Saint Louis"]
[Date "2018.08.24"]
[Round "6"]
[White "So, Wesley"]
[Black "Anand, Viswanathan"]
[Result "1/2-1/2"]
[WhiteElo "2780"]
[BlackElo "2768"]
[Annotator "TA"]
[PlyCount "120"]
[EventDate "2018.08.18"]
[EventType "tourn"]
[EventCountry "USA"]
[SourceTitle "playchess.com"]
[Source "ChessBase"]
[SourceQuality "1"]

{[%evp 25,120,21,16,13,16,20,14,14,22,26,25,24,48,10,13,12,16,7,1,0,35,0,32,24,55,56,64,50,54,37,35,37,37,37,37,38,37,11,8,17,18,10,14,11,14,0,0,0,0,0,0,0,0,0,0,0,0,0,0,0,24,24,24,24,24,13,52,52,52,52,52,52,54,52,54,10,104,98,105,105,105,105,105,105,105,40,105,105,105,105,105,105,105,105,105,105,105]} 1. d4 Nf6 2. c4 e6 3. Nf3 d5 4. Nc3 Be7 5. Bf4 O-O 6. e3 c5 7. dxc5 Bxc5 8. cxd5 Nxd5 9. Nxd5 exd5 10. a3 Nc6 11. Bd3 Bb6 12. O-O Bg4 13. h3 {D37: Queen's Gambit Declined: 5 Bf4} Bh5 {[#] LiveBook: 103 Games} 14. Bb1 $146 ({Predecessor:} 14. b4 a6 15. Rb1 d4 16. b5 axb5 17. Rxb5 Bxf3 18. Qb1 Bc7 19. Bxh7+ Kh8 20. gxf3 Bxf4 21. exf4 Ne7 22. Rh5 Ra5 23. Bf5+ Kg8 24. Bh7+ Kh8 25. Bf5+ Kg8 26. Bh7+ {½-½ (26) Inarkiev,E (2727)-Nakamura,H (2786) Moscow 2017}) 14... d4 15. Qd3 {[%csl Gb1][%cal Rd3h7] [#] The position is equal.} Bg6 16. e4 Re8 17. Re1 Qe7 18. Qb5 f6 19. Nh4 Bf7 20. Nf5 Qc5 21. Qe2 {next b4 is good for White.} Ne5 22. Bxe5 Qxe5 23. Bd3 (23. Qg4 {with more complications.} Bg6 24. Bd3 Bxf5 25. Qxf5 Rac8 26. Rac1) 23... Bg6 24. Qd2 Bxf5 25. exf5 Qd5 26. Qc2 Kf8 27. Re6 Rxe6 28. fxe6 g6 29. Re1 Re8 30. Bc4 d3 31. Qxd3 (31. Bxd3 {is interesting.} Rxe6 32. Qc8+ Ke7 33. Rd1 Qd4 34. Qxb7+ Kf8 35. Qc8+) 31... Qxd3 32. Bxd3 $14 {[%mdl 4096] Endgame KRB-KRB} Ke7 33. Bc4 Rd8 34. Re2 Ba5 35. b4 Rd1+ 36. Kh2 Bc7+ 37. g3 Rc1 38. Ba2 Rc3 39. a4 Bd6 40. b5 Ra3 41. Bd5 b6 42. Ra2 Rxa2 43. Bxa2 $11 {KB-KB} f5 44. Kg2 Be5 45. g4 fxg4 46. hxg4 h5 47. gxh5 gxh5 48. Kh3 Bf6 49. Bc4 Kd6 50. Kg3 Ke7 (50... Ke5 $11 {keeps the balance.}) 51. Kf4 h4 52. Kg4 Kd6 53. f3 {[%cal Bf2f3,Bf3f4][%mdl 32]} Ke7 54. f4 Kd6 55. Kf5 (55. f5 $16) 55... Ke7 {[#]} (55... Bc3 $14) 56. Bf1 $1 $16 {White is better.} Ba1 57. Bh3 Bf6 58. Bg4 Ba1 59. Ke4 Kd6 60. Bh3 Bb2 {Precision: White = 67%, Black = 61%.} 1/2-1/2

[Event "6th Sinquefield Cup GCT 2018"]
[Site "Saint Louis"]
[Date "2018.08.24"]
[Round "6"]
[White "Nakamura, Hikaru"]
[Black "Aronian, Levon"]
[Result "1/2-1/2"]
[WhiteElo "2777"]
[BlackElo "2767"]
[Annotator "TA"]
[PlyCount "135"]
[EventDate "2018.08.18"]
[EventType "tourn"]
[EventCountry "USA"]
[SourceTitle "playchess.com"]
[Source "ChessBase"]
[SourceQuality "1"]

{[%evp 16,135,18,0,-6,-11,0,0,31,28,29,22,37,37,42,28,37,37,33,30,36,31,76,78,81,81,81,81,81,82,95,95,95,90,102,100,106,102,102,91,107,105,101,102,100,92,125,110,135,77,77,70,76,0,0,0,0,0,0,0,0,0,0,0,0,0,0,0,0,0,0,-54,0,-154,-140,-118,0,0,543,516,689,641,641,620,602,579,512,447,401,0,0,0,0,0,0,0,0,0,0,0,0,0,0,0,0,0,0,0,0,0,0,0,0,0,0,0,0,0,0,0,0,0]} 1. c4 Nf6 2. Nc3 e5 3. Nf3 Nc6 4. g3 d5 5. cxd5 Nxd5 6. Bg2 Bc5 {A29: English Opening: Four Knights Variation with 4 g3} 7. O-O O-O 8. Nxd5 Qxd5 9. d3 {LiveBook: 3 Games} Qd8 $146 ({Predecessor:} 9... Bb6 10. b4 e4 11. Ng5 Qd4 12. Be3 Qxb4 13. Nxe4 Bxe3 14. fxe3 {1-0 (53) Nakamura,H (2792)-Karjakin,S (2773) Saint Louis 2017}) 10. Be3 Bxe3 11. fxe3 e4 12. dxe4 Qe7 13. Qc2 Bg4 14. Rac1 Rad8 15. h3 $36 {[%mdl 2048] White is more active.} Bc8 16. a3 Rde8 17. e5 h6 18. Qc5 Qxc5 19. Rxc5 Ne7 20. Rxc7 {Strongly threatening Nd4.} Nd5 21. Rc5 Nxe3 22. Rfc1 Rd8 23. R1c3 Nxg2 24. Kxg2 Bf5 25. Rc7 Be4 26. Kf2 Rfe8 27. R3c4 Bxf3 28. Kxf3 Rxe5 29. Rxb7 $16 {[%mdl 4096] Endgame KRR-KRR} Rd2 30. e3 g5 31. Rd4 Rc2 32. Rdd7 (32. Rd6 $142) 32... Rf5+ 33. Ke4 Rf6 $1 34. Rb8+ (34. h4 $16) 34... Kg7 $11 35. Rxa7 Re6+ 36. Kf3 Rf6+ 37. Ke4 Re6+ 38. Kd3 Rg2 39. g4 Rg3 40. Rbb7 Rexe3+ 41. Kc2 Ref3 42. a4 {Black should prevent a5.} Rxh3 43. a5 (43. Rb4 $1 $11) 43... Rh4 (43... Rh2+ $15 44. Kb1 Rg2) 44. a6 $2 ({White should try} 44. Rb4 $11) 44... Rxg4 $17 45. Ra8 {[#]} Ra4 (45... Rg2+ $1 $17 46. Kb1 Rf1+ 47. Ka2 Rg4) 46. a7 $11 g4 $2 {[%mdl 8192]} (46... Rf1 $11) 47. Rc8 g3 48. a8=Q Rxa8 49. Rxa8 h5 {If Black can now play ...h4 this consolidates a bit.} 50. Rbb8 Kf6 {Black hopes to continue with ...h4.} 51. Rg8 h4 {[#]} 52. Ra6+ $2 ({Only move:} 52. Ra3 $1 $18 {[%cal Ra3f3]} Rf2+ 53. Kd3) 52... Ke7 $1 {The position is equal.} 53. Rh6 Rf2+ 54. Kd3 Rh2 $1 55. Ke4 {Threatens to win with Kf3.} g2 $1 56. Ke5 h3 57. Rc6 {[%cal Rc6c7]} f6+ $1 58. Kd5 {[%cal Rc6c7]} Kf7 59. Rg3 {White threatens Rc7+ and mate.} Rh1 60. Rc7+ Kf8 61. Rc8+ Kf7 {White must now prevent ...Rd1+.} 62. Rc7+ Kf8 63. Ke6 {[%cal Rc7c8]} Re1+ 64. Kxf6 {Intending Rf7+ and mate.} Rf1+ 65. Ke6 {[%cal Rc7c8]} Re1+ 66. Kf6 {White wants to mate with Rf7+.} Rf1+ 67. Ke6 {[%cal Rc7c8]} Re1+ 68. Kf6 {Precision: White = 74%, Black = 67%.} 1/2-1/2

[Event "6th Sinquefield Cup GCT 2018"]
[Site "Saint Louis"]
[Date "2018.08.24"]
[Round "6"]
[White "Grischuk, Alexander"]
[Black "Carlsen, Magnus"]
[Result "1/2-1/2"]
[WhiteElo "2766"]
[BlackElo "2842"]
[Annotator "TA"]
[PlyCount "68"]
[EventDate "2018.08.18"]
[EventType "tourn"]
[EventCountry "USA"]
[SourceTitle "playchess.com"]
[Source "ChessBase"]
[SourceQuality "1"]

{[%evp 22,68,0,-3,62,0,0,0,0,0,96,95,115,106,166,184,171,177,180,164,169,93,93,77,95,73,102,0,0,0,91,0,0,0,0,0,0,0,0,0,0,0,0,0,0,0,0,0,0]} 1. Nf3 Nf6 2. g3 g6 3. Bg2 Bg7 4. c4 O-O 5. d4 d6 6. O-O c5 7. d5 b5 8. cxb5 a6 9. bxa6 Bf5 10. Nfd2 Nxa6 11. Nc3 Nb4 {E60: King's Indian: Unusual lines and Fianchetto Variation without Nc3} (11... Qb8 12. h3 Nb4 13. e4 Bc8 14. Nc4 Ba6 15. Qe2 Nd7 16. Bd2 Nc2 17. b3 Nxa1 18. Rxa1 Ne5 19. Rb1 {0-1 (32) Ljubojevic,L (2571)-Vaisser,A (2502) Platja d'Aro 2018}) 12. Nc4 {LiveBook: 9 Games} Nc2 $146 ({Black should try} 12... Bc2 $1 $11 13. Qd2 h6) ({Predecessor:} 12... Bc2 13. Qd2 Bb3 14. Na3 Bxd5 15. Nxd5 Nfxd5 16. Nc4 Nc7 17. Bxa8 Qxa8 18. a3 Nc6 19. Rb1 {1-0 (51) Grabarczyk,M (2402)-Wachinger,N (2292) Bremen 2018}) 13. g4 (13. Rb1 $14 Nd4 14. e4) 13... Nxg4 $11 14. e4 Nxa1 15. exf5 Bxc3 (15... Ne5 $11 16. Nxe5 Bxe5) 16. bxc3 $16 Nf6 17. Qe2 $36 {[%mdl 2048] White has strong initiative.} Re8 (17... Ra4 $16 {keeps fighting.}) 18. Bg5 Qd7 19. fxg6 ({Resist} 19. Rxa1 $6 Qxf5 20. f4 Kg7 $14) 19... hxg6 20. Rxa1 {Black must now prevent Nb6.} Qf5 21. Bxf6 (21. h4 $18) 21... Qxf6 22. Qf3 {aiming for Qxf6.} Qh4 23. Qe4 $1 {[%cal Re4h4]} Qf6 {[#]} 24. Qf3 (24. a4 $1 $16) 24... Qh4 $1 $11 {[%cal Rh4c4]} 25. Qe4 (25. Bf1 $11) 25... Qf6 $1 $16 {[#]} 26. Qd3 (26. a4 $1 $16) 26... Reb8 $11 {The position is equal.} 27. a3 Rb3 28. Rc1 $1 Ra4 29. Qc2 Qf4 30. Qxb3 Qxc1+ 31. Bf1 Qg5+ 32. Bg2 Qc1+ 33. Bf1 Qg5+ 34. Bg2 Qc1+ {Precision: White = 54%, Black = 62%.} 1/2-1/2

[Event "6th Sinquefield Cup GCT 2018"]
[Site "Saint Louis"]
[Date "2018.08.25"]
[Round "7"]
[White "Carlsen, Magnus"]
[Black "Caruana, Fabiano"]
[Result "1/2-1/2"]
[WhiteElo "2842"]
[BlackElo "2822"]
[Annotator "TA"]
[PlyCount "82"]
[EventDate "2018.08.18"]
[EventType "tourn"]
[EventCountry "USA"]
[SourceTitle "playchess.com"]
[Source "ChessBase"]
[SourceQuality "1"]

{[%evp 13,82,11,22,16,11,9,17,14,23,23,17,22,27,22,19,0,0,29,16,26,34,27,54,27,34,40,35,28,29,39,41,39,44,40,54,54,112,123,127,125,120,116,113,104,106,88,81,81,77,54,54,52,52,63,59,49,41,60,54,51,52,14,23,0,7,0,19,0,17,0,33]} 1. e4 e5 2. Nf3 Nf6 3. Nxe5 d6 4. Nf3 Nxe4 5. Nc3 Nxc3 6. dxc3 Be7 7. Be3 Nc6 {LiveBook: 640 Games. C42: Petroff Defence: 3 Nxe5 and unusual White 3rd moves} (7... O-O 8. Qd2 b6 9. O-O-O Bb7 10. h4 Nd7 11. Bd3 Re8 12. Kb1 Bf6 13. Rh3 Nc5 14. Bxc5 bxc5 15. g4 c4 16. Bxc4 {½-½ (26) Caruana,F (2822)-Mamedyarov,S (2808) Stavanger 2018}) 8. Bc4 O-O 9. Qd2 Bf5 10. O-O-O Qd7 11. Kb1 Rfe8 $146 ({Predecessor:} 11... a6 12. h3 Na5 13. Be2 b5 14. b3 Nc6 15. Nd4 Nxd4 16. Bxd4 {½-½ (53) Laine,E (1909)-Volf,M (1871) ICCF email 2011}) 12. h4 {[%cal Bh2h4,Bh4h5][%mdl 32]} Bf8 13. h5 h6 14. Be2 Bg4 15. Nh2 Bxe2 16. Qxe2 Ne5 {[%cal Bc6e5,Be5c4,Bc4e3][%mdl 32]} 17. Bc1 Qc6 18. f4 Nc4 19. Qd3 Qe4 20. g4 Ne3 21. Rde1 $36 {[%cal Rc1e3][%mdl 2048] White fights for an advantage.} Qxd3 22. cxd3 Nd5 23. Reg1 Re6 24. g5 Ne7 {[#]} (24... Kh7 $14) 25. gxh6 $1 $16 Rxh6 {[#]} 26. f5 $1 {[%mdl 512]} Rh7 ({But not} 26... Rxh5 $2 27. Ng4 $18) (26... Nxf5 27. Bxh6) 27. Ng4 {h6 is the strong threat.} Kh8 28. f6 Ng8 29. fxg7+ Rxg7 30. Be3 c5 31. Bf4 Re8 32. Ne3 Rxg1+ 33. Rxg1 Re6 34. Nd5 Nf6 35. Nc7 Re2 36. Nb5 Re6 $1 37. Rf1 Kg8 38. Nc7 Re2 {The position is equal.} 39. Nb5 Re6 $1 40. Nc7 Re2 41. Nb5 Re6 $1 {Precision: White = 69%, Black = 69%.} 1/2-1/2